Introduction to phycology
Αποθηκεύτηκε σε:
| Κύριος συγγραφέας: | |
|---|---|
| Άλλοι συγγραφείς: | |
| Μορφή: | Βιβλίο |
| Γλώσσα: | English |
| Δημοσίευση: |
Oxford :
Blackwell Scientific,
1987
|
| Θέματα: | |
| Ετικέτες: |
Προσθήκη ετικέτας
Δεν υπάρχουν, Καταχωρήστε ετικέτα πρώτοι!
|
MARC
| LEADER | 00000nam a2200000 i 4500 | ||
|---|---|---|---|
| 001 | 1/87500 | ||
| 008 | 080603r19961987 eng d | ||
| 020 | |a 0-632-01726-0 | ||
| 035 | |l 10097888 | ||
| 040 | |a GR-MY-UA |b gre |e aacr | ||
| 041 | 0 | |a eng | |
| 082 | 0 | |a 579.8 |2 (22) | |
| 100 | 1 | |a South, G. Robin |d (Graham Robin) | |
| 245 | 1 | 0 | |a Introduction to phycology / |c G. Robin South and Alan Whittick |
| 260 | |a Oxford : |b Blackwell Scientific, |c 1987 | ||
| 300 | |a viii, 341 σ.; |c 25 εκ. | ||
| 504 | |a Βιβλιογραφία: σ. 279-330 | ||
| 504 | |a Ευρετήριο: σ. 331-341 | ||
| 650 | 0 | 0 | |a Algology. |
| 650 | 0 | 0 | |a Botany. |
| 650 | 0 | 0 | |a Algae. |
| 700 | 1 | |a Whittick, Alan. | |
| 852 | |a INST |b LESVOS |e 20080603 |h 579.8 SOU |p 005100042587 |q 005100042587 |t BK |y 0 | ||
| 901 | |a BIBL1-2008-2 | ||
| 909 | |a Λ |b 152014 | ||
| 922 | |a 1ΕΛΗ |b 200803 |c ΕΠΕΑΕΚ2/ΤΕΘ |d ΕΛΕΥΘΕΡΟΥΔΑΚΗΣ | ||
| 970 | |a ΧΑΤΖΗΜΙΧΑΗΛ |b ΜΑΡΙΑ |z 2008/06/03 | ||